000 00564nam a2200193Ia 4500
005 20250508163318.0
008 008 250505s9999 xx 000 0 eng d
037 _aDissertations
040 _aFEDL
_beng
_cFEDL
041 _aeng
_2eng
084 _a371.97, DHI/DI
_qFEDL
100 _aDhir Shivam
_9775088
245 0 _aStudy of the behavioural probems of backward children in schools
260 _c1988
300 _a114p.
546 _aM. Ed. Dissertation (Delhi University
942 _cDIS
_h371.97, DHI/DI
999 _c1382252
_d1382252